Fortune Global 100 - Europe - Statistics

General Stats
  • This quiz has been taken 17 times
  • The average score is 21 of 100
Answer Stats
Rank Name % Correct
8. BMW Group
80%
5. BP
73%
7. Mercedes-Benz Group
73%
1. Volkswagen
73%
41. Airbus
67%
19. Nestlé
67%
2. Shell
60%
4. Total Energies
60%
10. Banco Santander
53%
15. Gazprom
53%
6. Stellantis
53%
14. Allianz
47%
47. Barclays
47%
76. Bayer
47%
9. BNP Paribas
47%
58. Renault
47%
80. Volvo
47%
74. Deutsche Bahn
40%
13. Deutsche Telekom
40%
46. ING Group
40%
44. Lloyds Banking Group
40%
32. UBS Group
40%
54. Unilever
40%
26. Carrefour
33%
11. HSBC Holdings
33%
86. SNCF Group
33%
30. Tesco
33%
93. Vodafone Group
33%
23. Bosch Group
27%
29. Crédit Agricole
27%
43. Deutsche Bank
27%
28. DHL Group
27%
66. Maersk Group
27%
98. Novo Nordisk
27%
90. Orange
27%
17. Rosneft Oil
27%
96. J. Sainsbury
20%
85. L'Oréal
20%
45. Lukoil
20%
73. Novartis
20%
42. Orlen
20%
65. Repsol
20%
16. Société Générale
20%
79. UniCredit Group
20%
56. Assicurazioni Generali
13%
21. AXA
13%
31. Banco Bilbao Vizcaya Argentaria
13%
49. BASF
13%
95. Continental
13%
62. Daimler Truck Holding
13%
12. Electricité de France
13%
35. Enel
13%
37. Engie
13%
22. ENI
13%
33. E.ON
13%
18. Equinor
13%
3. Glencore
13%
52. Munich Re Group
13%
68. Rio Tinto
13%
92. Telefónica
13%
40. Uniper
13%
89. ACS
7%
59. Anheuser-Busch InBev
7%
67. AstraZeneca
7%
27. Christian Dior
7%
99. Compass Group
7%
36. Groupe BPCE
7%
82. Iberdrola
7%
63. Intesa Sanpaolo
7%
50. Koç Holding
7%
75. Louis Dreyfus
7%
25. REWE Group
7%
70. Sanofi
7%
20. Sberbank
7%
34. Siemans
7%
87. Swiss Re
7%
78. Talanx
7%
72. VTB Bank
7%
97. X5 Retail Group
7%
91. ZF Friedrichshafen
7%
53. Zurich Insurance Group
7%
51. Accenture
0%
55. ArcelorMittal
0%
57. Bouygues
0%
71. Bunge Global
0%
64. Chubb
0%
60. Crédit Mutuel Group
0%
94. DZ Bank
0%
61. Edeka Zentrale
0%
88. Ingka Group
0%
39. JBS
0%
84. Landesbank Baden-Württemberg
0%
69. Phoenix Pharma
0%
48. Roche Group
0%
24. Royal Ahold Delhaize
0%
77. Saint-Gobain
0%
100. Standard Chartered
0%
81. Unédic
0%
83. Veolia Environnement
0%
38. Vinci
0%
No matching quizzes found
Score Distribution
Percent of People with Each Score
Percentile by Number Answered
Your Score History
You have not taken this quiz